Countries that End with O - Statistics

General Stats
  • This quiz has been taken 112 times
  • The average score is 8 of 12
Answer Stats
Continent Country % Correct
Africa Lesotho
80%
Africa Togo
78%
Europe Kosovo
76%
North America Mexico
74%
Europe Monaco
73%
Africa Democratic Republic of the Congo
72%
Africa Morocco
70%
Africa Republic of the Congo
70%
Europe San Marino
67%
Europe Montenegro
63%
North America Trinidad and Tobago
62%
Africa Burkina Faso
50%
No matching quizzes found
Score Distribution
Percent of People with Each Score
Percentile by Number Answered
Your Score History
You have not taken this quiz